| 000 | 005700000a22001930004500 | ||
|---|---|---|---|
| 003 | LK-CoMWRAF | ||
| 005 | 20240106110817.0 | ||
| 008 | 230817t1991 ||||| |||| 00| 0 eng d | ||
| 040 |
_aLK-CoMWRAF _dLK-CoMWRAF _eLK-CoMWRAF |
||
| 041 | _aeng | ||
| 082 |
_a340.59 _bZAR |
||
| 100 | _aZarook, A.R.M. | ||
| 245 |
_aDivorce in Muslim Law: _bmen's right to divorce and women's right to divorce |
||
| 260 |
_aColombo: _bAuthor, _c1991 |
||
| 300 |
_a52 p. _bBibliography and index included |
||
| 490 |
_aMuslim Personal Law _vIV |
||
| 650 | _aDIVORCE-Islamic Law | ||
| 942 | _cBK | ||
| 999 |
_c2392 _d2392 |
||